000 00848nam a2200241Ia 4500
003 OSt
005 20220923212721.0
006 a|||||r|||| 00| 0
007 ta
008 220922b |||||||| |||| 00| 0 hin d
024 _a155,558
037 _cTextual
040 _aARTS
_cARTS
_bhin
041 _2hin
_ahin
082 _aO151xK5, 152K8
100 _aपाण्डेय, राम अवध, संपा.
_9162722
245 0 _aपालि प्राकृत अपभ्रंश संग्रह
246 _aPāli prākṛut apabhransha sangraha
260 _aवाराणसी
_b विश्वविद्यालय प्रकाशन
_c1968
300 _a230
_ccm.
942 _hO151xK5, 152K8
_cTEXL
_2CC
999 _c311054
_d311054